Quiz - Tous les joueurs du FC Barcelone - 2025-2026 - Statistiques

Statistiques générales
  • Ce quiz a été pris 112 fois
  • Le résultat moyen est 19 sur 24
Statistiques - réponses
Nationalités Poste Joueurs % Correct
Espagne Attaquant Lamine Yamal
97%
Espagne Milieu Pedri
95%
France Défenseur Jules Koundé
93%
Pays-Bas Milieu Frenkie de Jong
92%
Uruguay Défenseur Ronald Araujo
92%
Espagne Gardien Joan García
91%
Brésil Attaquant Raphinha
91%
Pologne Attaquant Robert Lewandowski
90%
Espagne Milieu Gavi
89%
Angleterre Attaquant Marcus Rashford
89%
Espagne Attaquant Ferran Torres
86%
Espagne Défenseur Pau Cubarsí
85%
Espagne Défenseur Eric García
84%
Portugal Défenseur João Cancelo
84%
Espagne Défenseur Alejandro Balde
83%
Danemark Défenseur Andreas Christensen
78%
Espagne Milieu Dani Olmo
77%
Espagne Milieu Fermín López
74%
Espagne Milieu Marc Bernal
71%
Pologne Gardien Wojciech Szczęsny
67%
Espagne Défenseur Gerard Martín
64%
Espagne Milieu Marc Casadó
60%
Suède Attaquant Roony Bardghji
57%
Etats-Unis Gardien Diego Kochen
26%
Aucun quiz correspondant
Distribution des résultats
% des personnes avec chaque résultat
Percentile par nombre de réponses
Votre historique - résultats
Vous n’avez pas pris ce quiz